Locations by Letter - A - Statistics

General Stats
  • This quiz has been taken 51,612 times
    35,450 since last reset
  • The average score is 13 of 22
Answer Stats
Description Location % Correct
Southernmost continent Antarctica
97%
Country where the Taliban held sway Afghanistan
91%
Country where you might get a Vegemite sandwich Australia
88%
"Sweet home" state sung of by Skynyrd Alabama
87%
Home of Socrates and Plato Athens
86%
Ancient island that fell into the sea Atlantis
82%
Peninsula of the Saudis Arabia
81%
Location of an ancient library Alexandria
71%
One of Canada's Prairie Provinces Alberta
69%
Prison where Sirius Black was held Azkaban
68%
City where you'd find a Coke museum Atlanta
62%
Nearest spiral galaxy to the Milky Way Andromeda
61%
"Remembered" place where Davy Crockett had a last stand Alamo
54%
Brüno's home country Austria
53%
Autonomous region of southern Spain Andalusia
49%
Where the Joker was imprisoned Arkham Asylum
42%
Land of the Norse gods Asgard
41%
Former name of Ethiopia Abyssinia
38%
Emirate to which Garfield threatened to mail Nermal Abu Dhabi
34%
Planet destroyed by the Death Star Alderaan
31%
Shark-infested island of "Jaws" Amity Island
23%
Arthurian island where Excalibur was forged Avalon
18%
No matching quizzes found
Score Distribution
Percent of People with Each Score
Percentile by Number Answered
Your Score History
You have not taken this quiz since the last reset